000 01453nam a2200265Ia 4500
999 _c53392
_d53392
001 20435
003 GE_BSU
005 20201205215202.0
008 181216s1971||||ge |||||||||||||| ||geo||
040 _cGE_BSU
041 _ageo
080 _a811.353.1-84(075.3=161.1) მ-93
100 _aმუშკუდიანი, ვალერიან
_99836
245 _aქართული ენა :
_bსახელმძღვ. საქ. სსრ რუსული სკოლის მე-9 კლასისათვის /
_cვალერიან მუშკუდიანი, აკაკი დავითიანი ; რედ. : ე. პოლოლიკაშვილი, ლ. გურეშიძე.
250 _aმე-7 გამოცემა
264 _aთბილისი :
_bგანათლება,
_c1971.
300 _a167გვ. :
_b ილ. ;
_c 21სმ.
541 _h24 თ.
653 _aსახელმძღვანელო საქართველოს სსრ რუსული სკოლის მე-9 კლასისათვის
653 _aქართული ენა
700 _aდავითიანი, აკაკი
_eავტორი
_97697
700 _aპოლოლიკაშვილი, ე.
_eრედაქტორი
_94959
700 _aგურეშიძე, ლ.
_eრეადაქტორი
_99832
942 _cBK
_2udc